Negligence in surveying and Building
| Main Author: | |
|---|---|
| Format: | Book |
| Published: |
London :
The estate gazette limited ,
1986
|
| Subjects: |
MARC
| LEADER | 00000cam a2200000 7i4500 | ||
|---|---|---|---|
| 001 | 0000007912 | ||
| 005 | 20161223.0 | ||
| 020 | |a 0728200953 | ||
| 040 | |a INS | ||
| 090 | 0 | 0 | |a KD2517.E7 |b R67 1968 |
| 100 | 0 | |a Ross, Malcolm | |
| 245 | 0 | 0 | |a Negligence in surveying and Building |c Malcom Ross |
| 260 | |a London : |b The estate gazette limited , |c 1986 | ||
| 300 | |a 247p : |b 22 cm | ||
| 650 | 0 | |a Real estate agents |x Malpractice |z England | |
| 650 | 0 | 0 | |a Surveying |x Malpractice |z England |
| 999 | |a 0000023046 |b BOOK |c Open Shelf |e Default branch | ||